000 01125nam0a22002771 4500
001 RU\NLR\INFOCOMM_195\5000058051
005 20250613093935.0
035 _a(NLR Aleph) 009231812
090 _a8870822
_c8870822
100 _a20100622d1972 |||y0rusy50 ca
101 0 _aeng
102 _aRU
105 _aa ||||000|y
200 1 _aTheses of presented reports
_fScientific council on chromatography of Acad. of sciences. Tswett memorial symposium on chromatography, 16-18 May, 1972, Leningrad
210 _aΜ.
_d1972
215 _a55 с.
_cпортр.
_d21 см
300 _aНа обл. надзаг. также на рус. яз.: Симпозиум по хроматографии, посвященный памяти М. С. Цвета
606 _aХроматография
_xСъезды, совещания и т. п.
_2nlr_sh1
686 _aХ-957(Съезды)
_2rubbk
686 _aˆ[‰Г471я431(0)]
_2rubbk
710 0 2 _aCwett memorial symposium on chromatography
_eLeningrad
_f1972
_4070
801 1 _aRU
_bNLR
_c20100622
801 0 _aRU
_bNLR
_gPSBO
852 _aNLR
_jХ01 Д-4/15
942 _cBOOK
980 _aNB